Statistics for Biggest South-American cities in each cardinal direction, with a map

Click here to take the quiz!

General Stats

  • This quiz has been taken 68 times
    (12 since last reset)
  • The average score is 19 of 35

Answers on the Map

Answers color-coded by a green-red scale on the quiz's map according to % correct below.
 

Answer Stats

PopCity% Correct
10.4 MBogotá
100%
16.7 MBuenos Aires
100%
3.82 MCaracas
100%
3.30 MGuayaquil
100%
11.8 MLima
100%
4.27 MMedellín
100%
12.5 MRio de Janeiro
100%
22.1 MSão Paulo
100%
2.32 MBarranquilla
92%
2.80 MMaracaibo
92%
1.89 MMontevideo
92%
3.67 MRecife
92%
125 kPunta Arenas
58%
215 kComodoro Rivadavia
50%
722 kConcepción
50%
74.9 kUshuaia
50%
852 kLa Plata
42%
626 kMar del Plata
42%
395 kNeuquén
42%
547 kPiura
42%
1.19 MJoão Pessoa
33%
258 kManta
33%
69.7 kCabedelo
25%
13.1 kNegritos
25%
12.6 kPuerto Ayora
25%
88.7 kRío Grande
25%
20.7 kSanta Cruz
25%
496 kSanta Marta
25%
99.6 kTalara
25%
231 kCoro
17%
21.0 kIlha de Itamaracá
17%
22.0 kJudibana
17%
112 kLa Libertad
17%
154 kPunto Fijo
17%
163 kRiohacha
17%

Score Distribution

Percentile by Number Answered

Percent of People with Each Score

Your Score History

You have not taken this quiz since the last reset